000 00691nam a22002777a 4500
003 OSt
005 20140310181917.0
008 130716t xxu||||| |||| 00| 0 eng d
020 _a0021792070
050 _aPN 6120
_b.T253 1993
082 _aTR 792
_bT22 1993
245 _aTeacher's book of plays and choral readings /
260 _aNew York :
_bMcGraw-Hill,
_cc1993.
300 _a192 p.
_bill. ;
_c28 cm.
521 _aFaculty
541 _j1
541 _j2
541 _j3
541 _j4
541 _j5
541 _j6
562 _e6
650 _aPlays
_91066
650 _aChoral readings
_91067
942 _2lcc
_cBK-TR
_kTR
999 _c6796
_d6796